Pengambilan Tanah Modul 1 : prinsip dan amalan dalan nilaian pampasan(1999 September 6-7 : Institut Penilaian Negara)

Bibliographic Details
Format: Book
Subjects:
Online Access:http://app.inspen.gov.my:7779/pls/portal/docs/PAGE/CORPORATEPAGES/PORTAL_INSPEN/NOTA_KURSUS/LA/MU.PDF

MARC

LEADER 00000cam a2200000 7i4500
001 0000007032
005 20071128.0
040 |a INS 
090 0 0 |a LA19 
245 0 0 |a Pengambilan Tanah Modul 1 :   |b prinsip dan amalan dalan nilaian pampasan(1999 September 6-7 : Institut Penilaian Negara) 
500 |a Digital document is available on-line; Please click the URL below 
650 0 0 |a Land acquisition 
650 0 0 |a Land acquisition and compensation 
856 |u http://app.inspen.gov.my:7779/pls/portal/docs/PAGE/CORPORATEPAGES/PORTAL_INSPEN/NOTA_KURSUS/LA/MU.PDF 
999 |a LA00000019   |b BOOK   |c Course Notes   |e Default branch 
999 |a LA00000144   |b BOOK   |c Course Notes   |e Default branch